Angry birds : (Record no. 9908)

MARC details
000 -LEADER
fixed length control field 00937nam a22002417a 4500
001 - CONTROL NUMBER
control field 9908
003 - CONTROL NUMBER IDENTIFIER
control field FISKH
005 - DATE AND TIME OF LATEST TRANSACTION
control field 20260325080452.0
008 - FIXED-LENGTH DATA ELEMENTS--GENERAL INFORMATION
fixed length control field 260313b cb ||||| |||| 00| 0 eng d
020 ## - INTERNATIONAL STANDARD BOOK NUMBER
International Standard Book Number 9781907602368
040 ## - CATALOGING SOURCE
Original cataloging agency FISKH
Language of cataloging eng
Transcribing agency FISKH
Modifying agency FISKH
082 ## - DEWEY DECIMAL CLASSIFICATION NUMBER
Classification number 793.73
100 ## - MAIN ENTRY--PERSONAL NAME
Personal name Pedigree
245 ## - TITLE STATEMENT
Title Angry birds :
Remainder of title Annual 2013 /
Statement of responsibility, etc. By Pedigree
260 ## - PUBLICATION, DISTRIBUTION, ETC.
Place of publication, distribution, etc. Exeter, Devon :
Name of publisher, distributor, etc. Pedigree Books Ltd ,
Date of publication, distribution, etc. 2012 .
300 ## - PHYSICAL DESCRIPTION
Extent 77 pages :
Other physical details color illustrations ;
Dimensions 30 cm .
505 ## - FORMATTED CONTENTS NOTE
Formatted contents note M <br/>
520 ## - SUMMARY, ETC.
Summary, etc. Angry Birds Annual 2013 is a fun, illustrated children’s annual featuring:<br/><br/>short stories or themed pages<br/><br/>puzzles<br/><br/>games<br/><br/>Angry Birds characters and activities<br/><br/>It’s designed for young readers and fans of the Angry Birds brand, with varied content rather than a single narrative.<br/><br/>
521 8# - TARGET AUDIENCE NOTE
Target audience note 530 <br/>
Source Lexile estimate <br/>
521 8# - TARGET AUDIENCE NOTE
Target audience note M <br/>
Source Raz-Plus <br/>
942 ## - ADDED ENTRY ELEMENTS (KOHA)
Source of classification or shelving scheme Dewey Decimal Classification
Koha item type Books
Suppress in OPAC No
Holdings
Withdrawn status Lost status Source of classification or shelving scheme Damaged status Not for loan Collection Home library Current library Shelving location Date acquired Total Checkouts Full call number Barcode Date due Date last seen Date last checked out Copy number Price effective from Koha item type
    Dewey Decimal Classification     Non-Fiction Footprints International School Library Network Toul Tom Poung Campus Footprints International School Library Network Toul Kork Campus TTP Primary Yellow Bookshelves 03/13/2026 1 PED 793.73 2026-0315 04/08/2026 03/25/2026 03/25/2026 1 03/13/2026 Books
    Dewey Decimal Classification     Non-Fiction Footprints International School Library Network Toul Tom Poung Campus Footprints International School Library Network Toul Kork Campus TTP Primary Yellow Bookshelves 03/13/2026 1 PED 793.73 2026-0317 04/08/2026 03/25/2026 03/25/2026 2 03/13/2026 Books
    Dewey Decimal Classification     Non-Fiction Footprints International School Library Network Toul Kork Campus Footprints International School Library Network Toul Kork Campus TK Primary Library Room(4th Floor), Bookcase 3&4, Shelves 17-32, Yellow Books 03/25/2026 1 PED 793.73 2026-0370 04/17/2026 04/03/2026 04/03/2026 3 03/25/2026 Books